[Event "GER-ch U25-B"]
[Site "Willingen"]
[Date "2023.06.03"]
[Round "9"]
[White "Frydel, Marcel Karol"]
[Black "Selzer, Luca"]
[Result "1/2-1/2"]
[WhiteElo "1346"]
[BlackElo "1472"]
[PlyCount "144"]
[EventDate "2023.05.27"]
[EventType "swiss"]
[EventRounds "9"]
[EventCountry "GER"]
[SourceTitle "CBM 214 Extra"]
[Source "ChessBase"]
[SourceDate "2023.07.31"]
[SourceVersion "1"]
[SourceVersionDate "2023.07.31"]
[SourceQuality "1"]

1. e4 d5 2. exd5 Qxd5 3. Nc3 Qa5 4. d4 c6 5. Nf3 Nf6 6. Bc4 Bf5 7. Bd2 Qc7 8. 0-0 e6 9. a3 Be7 10. Ne5 0-0 11. Bf4 Bd6 12. Re1 Ng4 13. h3 Nxe5 14. Bxe5 Bxe5 15. dxe5 Rd8 16. Qe2 Nd7 17. b4 a6 18. Bb3 a5 19. Rad1 Qb6 20. Qe3 Qxe3 21. Rxe3 b5 22. Re2 a4 23. Ba2 Kf8 24. f4 h5 25. Red2 Ke7 26. Ne2 Nb6 27. Nd4 Be4 28. Re2 Rxd4 29. Rxd4 Bd5 30. Bxd5 cxd5 31. Rf2 Rc8 32. g4 Nc4 33. Rd3 h4 34. Re2 Nb2 35. Rf3 Nd1 36. f5 Nc3 37. Rg2 Ne4 38. fxe6 Kxe6 39. Kf1 Rc7 40. Ke1 g6 41. Kd1 Nc3+ 42. Kc1 Ne4 43. Kb2 Kxe5 44. Re2 f6 45. Re1 g5 46. Rf5+ Ke6 47. Re3 Rd7 48. Rd3 Ng3 49. Re3+ Ne4 50. Rd3 Rd6 51. Rff3 Ke5 52. Rfe3 Rc6 53. Re1 Rc7 54. Rf3 Rc6 55. Rf5+ Ke6 56. Re3 Rc8 57. Kc1 Rd8 58. c3 Rb8 59. Kc2 Rd8 60. Rf1 Rc8 61. Rd1 f5 62. gxf5+ Ke5 63. Rf3 Rc6 64. Rd4 Rf6 65. Rfd3 Rd6 66. Rf3 Rf6 67. Rd1 Rc6 68. Kb2 Rf6 69. Rfd3 Rd6 70. Rf3 Rf6 71. Rdd3 Rd6 72. Kc2 Rf6 1/2-1/2

[Event "GER-ch U25-B"]
[Site "Willingen"]
[Date "2023.05.30"]
[Round "4"]
[White "Mainka, Ingmar"]
[Black "Selzer, Luca"]
[Result "1/2-1/2"]
[WhiteElo "1546"]
[BlackElo "1472"]
[PlyCount "65"]
[EventDate "2023.05.27"]
[EventType "swiss"]
[EventRounds "9"]
[EventCountry "GER"]
[SourceTitle "CBM 214 Extra"]
[Source "ChessBase"]
[SourceDate "2023.07.31"]
[SourceVersion "1"]
[SourceVersionDate "2023.07.31"]
[SourceQuality "1"]

1. e4 d5 2. exd5 Qxd5 3. Nc3 Qa5 4. Bc4 Nf6 5. d3 c6 6. Bf4 Bf5 7. Qd2 Nbd7 8. Nf3 e6 9. h3 Bb4 10. Nh4 Bg6 11. Nxg6 hxg6 12. 0-0 Nd5 13. Bxd5 cxd5 14. a3 Bxc3 15. Qxc3 Qxc3 16. bxc3 Rc8 17. Rfb1 b6 18. Rb3 0-0 19. a4 a5 20. Be3 Rc6 21. Rab1 Rb8 22. Kf1 Kf8 23. Ke1 Ke7 24. Kd2 Kd8 25. Rb5 f6 26. f3 Ke7 27. Bf2 Kf7 28. R1b3 g5 29. Be3 Kg6 30. Rb1 Kf7 31. R1b2 Kg6 32. Rb1 Kf7 33. R1b2 1/2-1/2